000 004690000a22001690004500
041 0 _aSPA
082 0 4 _aG 268.5 T6931p
100 1 _aTorres Pachón, Alfredo
245 1 0 _aPerspectiva histórica y escuela dominical / Alfredo Torres P.
260 _aSantafé de Bogotá, Colombia : Nuevo Mundo
300 _a107 Pag
001 8001
942 _cBK
999 _c38200
_d38200
336 _atexto
_btxt
_2rdacontent
337 _2rdamedia
_asin mediación
_bn
338 _2rdacarrier
_avolumen
_bnc